|
|
|
|
| LEADER |
01793cas a2200253 a 4500 |
| 001 |
AALejournalIMF009451 |
| 008 |
230101c9999 xx r poo 0 0eng d |
| 020 |
|
|
|c 5.00 USD
|
| 020 |
|
|
|z 9781451975383
|
| 022 |
|
|
|a 1934-7456
|
| 040 |
|
|
|a BD-DhAAL
|c BD-DhAAL
|
| 100 |
1 |
|
|a Beaumont, Craig.
|
| 245 |
1 |
0 |
|a Conquering Fear of Floating :
|b Australia's Successful Adaptation to a Flexible Exchange Rate /
|c Craig Beaumont, Li Cui.
|
| 264 |
|
1 |
|a Washington, D.C. :
|b International Monetary Fund,
|c 2007.
|
| 300 |
|
|
|a 1 online resource (26 pages)
|
| 490 |
1 |
|
|a IMF Policy Discussion Papers
|
| 500 |
|
|
|a <strong>Off-Campus Access:</strong> No User ID or Password Required
|
| 500 |
|
|
|a <strong>On-Campus Access:</strong> No User ID or Password Required
|
| 506 |
|
|
|a Electronic access restricted to authorized BRAC University faculty, staff and students
|
| 520 |
3 |
|
|a Australia has enjoyed fifteen years of uninterrupted economic expansion since 1992 despite shocks such as the Asian crisis in 1997-98 and the information technology bust in 2000-01. This resilient economic performance owes much to wide-ranging structural reforms and the improved frameworks for monetary and fiscal policies that were implemented after the Australian dollar was floated in 1983. In addition to gaining the expected macroeconomic benefits from exchange rate flexibility, the float appeared to help motivate and facilitate the subsequent reforms. Australia's experience with adapting to a floating currency may therefore be of broader interest.
|
| 538 |
|
|
|a Mode of access: Internet
|
| 700 |
1 |
|
|a Cui, Li.
|
| 830 |
|
0 |
|a IMF Policy Discussion Papers; Policy Discussion Paper ;
|v No. 2007/002
|
| 856 |
4 |
0 |
|z Full text available on IMF
|u http://elibrary.imf.org/view/journals/003/2007/002/003.2007.issue-002-en.xml
|z IMF e-Library
|